| 000 | 00486nam a2200169Ia 4500 | ||
|---|---|---|---|
| 999 |
_c28240 _d28240 |
||
| 003 | OSt | ||
| 005 | 20201215161432.0 | ||
| 008 | 190216s9999||||xx |||||||||||||| ||und|| | ||
| 040 | _coclc | ||
| 082 |
_a894.8124 _bNAR/A |
||
| 100 |
_aNarayanan, Akavoor _97074 |
||
| 245 | 0 |
_aArangaliyavar / _cAkavoor Narayanan |
|
| 260 |
_bPoorna Publication, _c1989. _aKozhikode: |
||
| 300 | _a102p | ||
| 650 | _aLekhanam | ||
| 942 |
_cBK _2ddc _h894.8124 _iNAR/A _k894.8124 _mNAR/A |
||